| 000 -ლიდერი |
| ფიქსირებული სიგრძის საკონტროლო ველი |
01289nam a22002417a 4500 |
| 003 - საკონტროლო ნომრის იდენტიფიკატორი |
| საკონტროლო ველი |
Ge_BSU |
| 005 - ბოლო ოპერაციის თარიღი და დრო |
| საკონტროლო ველი |
20251211151042.0 |
| 008 - ფიქსირებული სიგრძის მონაცემთა ელემენტები - ზოგადი ინფორმაცია |
| ფიქსირებული სიგრძის საკონტროლო ველი |
251211s2025 ge ||||| |||| 00| 0 geo d |
| 020 ## - წიგნის საერთაშორისო სტანდარტული ნომერი |
| International Standard Book Number |
9789941996481 |
| 041 ## - ენის კოდი |
| Language code of text/sound track or separate title |
geo |
| 080 ## - უნივერსალური ათობითი კლასიფიკაციის ინდექსი |
| Universal Decimal Classification number |
574(479.22-21) ხ-78 |
| 245 ## - ცნობა სათაურის შესახებ |
| Title |
ურბანული ეკოლოგია |
| Statement of responsibility, etc |
შემდგენლები : მ. ხოსიტაშვილი, ს. ჭანტურიძე, ლ. ჟვანია, რ. ჭოჭუა; რედ. ლ. ჟვანია; დიზაინი გ. გელაშვილი. |
| 264 ## - წარმოების, გამოცემის, დისტრიბუციის და სხვა ცნობები |
| გამოცემის, წარმოების, დისტრიბუციის... ადგილი |
თბილისი, |
| გამოცემის, წარმოების, დისტრიბუციის... თარიღი |
[2025]. |
| 300 ## - ფიზიკური აღწერა |
| Extent |
180 გვ.: |
| Other physical details |
ილ.; |
| Dimensions |
21 სმ. |
| 653 ## - INDEX TERM--UNCONTROLLED |
| Uncontrolled term |
თბილისის ურბანული ეკოლოგია |
| 700 ## - ADDED ENTRY--PERSONAL NAME |
| Personal name |
ხოსიტაშვილი, მ. |
| Relator term |
შემდგენელი |
| 9 (RLIN) |
26453 |
| 700 ## - ADDED ENTRY--PERSONAL NAME |
| Personal name |
ჭანტურიძე, ს. |
| Relator term |
შემდგენელი |
| 9 (RLIN) |
26454 |
| 700 ## - ADDED ENTRY--PERSONAL NAME |
| Personal name |
ჟვანია, ლ. |
| Relator term |
შემდგენელი |
| 9 (RLIN) |
26455 |
| 700 ## - ADDED ENTRY--PERSONAL NAME |
| Personal name |
ჭოჭუა, რ. |
| Relator term |
შემდგენელი |
| 9 (RLIN) |
26456 |
| 700 ## - ADDED ENTRY--PERSONAL NAME |
| Personal name |
ჟვანია, ლ. |
| Relator term |
რედაქტორი |
| 9 (RLIN) |
26455 |
| 700 ## - ADDED ENTRY--PERSONAL NAME |
| Personal name |
გელაშვილი, გ. |
| Relator term |
დიზაინი |
| 9 (RLIN) |
4849 |
| 942 ## - ADDED ENTRY ELEMENTS (KOHA) |
| Source of classification or shelving scheme |
|
| Koha item type |
წიგნი |